Tilastot visalle Suomen Presidentit, Kuvat- Presidents of Finland, Pictures

Klikkaa tästä pelataksesi tätä visaa!

Yleistilastot

  • Tätä visaa on pelattu 1 359 kertaa
    (205 viimeisimmän päivityksen jälkeen)
  • Keskiarvotulos 11 / 13

Vastaustilastot

Vastaus% Oikein
Alexander Stubb
99%
Tarja Halonen
99%
Urho Kekkonen
99%
Sauli Niinistö
98%
Carl Gustaf Mannerheim
95%
Martti Ahtisaari
87%
Mauno Koivisto
84%
Risto Ryti
83%
Kaarlo Juho Ståhlberg
77%
Juho Kusti Paasikivi
74%
Kyösti Kallio
74%
Pehr Evind Svinhufvud
66%
Lauri Kristian Relander
61%

Tulosjakauma

Persentiili vastausten määrän mukaan

Jokaisen tuloksen saaneiden osuus

Tuloshistoriasi

Et ole pelannut tätä visaa sen viimeisimmän päivityksen jälkeen